Länder in der nähe von deutschland - Statistiken

Allgemein
  • Dieses Quiz wurde 305 mal gespielt
  • Das Durchschnittsergebnis liegt bei 14 aus 15
Antwortstatistiken
Hint Antwort % Korrekt
0 km Belgien
100%
0 km Frankreich
100%
0 km Österreich
100%
0 km Polen
100%
0 km Schweiz
100%
0 km Dänemark
99%
0 km Niederlande
99%
0 km Tschechien
99%
45 km Italien
97%
0 km Luxemburg
97%
30 km Liechtenstein
94%
117 km Slowenien
91%
228 km Slowakei
90%
72 km Schweden
88%
238 km Ungarn
88%
Keine übereinstimmenden Quizze gefunden
Verteilung der Resultate
Anzahl Personen mit jedem Resultat
Perzentil nach korrekt beantworteten Fragen
Ihre Resultats-Entwicklung
Sie haben dieses Quiz noch nicht gespielt